Photoshop 6 complete

Сохранить в:
Библиографические подробности
Формат: Sách
Язык:Undetermined
Опубликовано:  Sybex  2001
Предметы:
Метки: Добавить метку
Нет меток, Требуется 1-ая метка записи!
Thư viện lưu trữ: Trung tâm Thư viện - Trường Đại học Công nghiệp TP. Hồ Chí Minh
LEADER 00394nam a2200133Ia 4500
001 UIH_06545
008 231011s9999 xx 000 0 und d
082 |a  006.68 
245 0 |a  Photoshop 6 complete 
260 |b  Sybex 
260 |c  2001 
650 |a  Đồ họa máy tính;  
927 |a Sách 
980 |a Trung tâm Thư viện - Trường Đại học Công nghiệp TP. Hồ Chí Minh